000 03546nab a2200241 i 4500
003 BR-BrBNA
005 20250718184724.0
008 250718b bl.||||| |||| 00| 0 spa d
040 _aBR-BrBNA
_bspa
072 _aF63
100 _aSolano-Rodríguez, Cristian Camilo
100 _aMercado-Gómez, Jorge David
245 _aAnálisis de la lluvia de polen en un fragmento de bosque subandino en Colombia
500 _aPublicação on-line; Bibliography p. 13-15 (56 ref.); 2 tables; 6 illus.; Summaries (En, Es)
520 _a Resumen Se llevó a cabo un análisis de la lluvia de polen y su relación con la vegetación en un fragmento de bosque subandino en la cordillera Oriental Colombiana entre los 1.500 a 2.400 msnm. Transectos tipo RAP fueron llevados a cabo para realizar el inventario de la flora. Dentro de cada transecto se recolectaron muestras de musgos de forma aleatoria, los cuales fueron procesados en el laboratorio, con el fin de obtener datos de lluvia de polen. Con base en los conteos e identificación de los granos de polen y vegetación, se realizaron diagramas polínicos, estimaciones de diversidad y fue establecida la lluvia de polen y su relación con la vegetación. Análisis Clúster y de correspondencia sin tendencia (DCA) fueron elaborados para determinar la presencia de asociaciones ecologicas de polen vinculados con la altura. Un total de 66 palinomorfos fueron identificados, siendo el hábito arbóreo dominante. Los sitios ubicados a 2.100 y 2.400 msnm presentaron mayor diversidad con respecto al polen. El Clúster y el DCA marcan tres agrupaciones compuestas por especies que generan una posible línea divisoria entre el bosque subandino bajo del alto, con lo cual se generan nuevos resultados que pueden ser usados en las interpretaciones paleoecológicas. Palabras clave: bosque andino, Colombia, lluvia de polen actual, paleoecología, palinología. Abstract We carried out a modern pollen rain analysis and established its relationship with a Subandean forest fragment in the Cordillera Oriental of Colombia between 1,500 - 2,400 masl RAP transects were performed in order to identify plant species. In each transect, moss samples were collected randomly and processed at the laboratory in order to obtain pollen rain data. Based on pollen grains and vegetation identification and count, we developed pollen diagrams and diversity analysis, and determined the pollen rain and its relation with the vegetation. Cluster and Detrended correspondence analysis (DCA) were performed to determine altitude-associated ecological pollinic species assembly. A total of 66 palynomorphs were identified, being trees the dominant plant habit. The sites located at 2,100 and 2,400 m a.s.l. showed higher pollen diversity. Finally, the Cluster and the DCA show three main groups composed of species that generate a possible dividing line between the low and the high Subandean forest, resulting in new information that can be used for paleoecological interpretation. Key words: Andean forest, Colombia, modern pollen-rain, paleoecology, palynology
650 _aCOLÔMBIA
650 _aPÓLEN
650 _aPOLINIZAÇÃO
773 0 _0709
_9353216
_dRio de Janeiro-RJ Jardim Botanico do Rio de Janeiro 1935
_o2025-4473
_tRodriguésia (Brazil)
_x0370-6583; 2175-7860 on-line
_gv. 71 p. 1-15; (2019)
_wBR2025003284
856 _uhttps://www.scielo.br/j/rod/a/J7YtMbMQkvQLnNCYzM9N6NF/?format=pdf&lang=es
942 _cANA
999 _c333980
_d333980